[Event "Xtracon Chess Open 2017"]
[Site "Helsingor DEN"]
[Date "2017.07.24"]
[Round "4.87"]
[White "Lien, Kjell Hakon"]
[Black "Stern, Geoffrey"]
[Result "1-0"]
[WhiteElo "2120"]
[BlackElo "1897"]
[WhiteFideId "1510444"]
[BlackFideId "4002679"]
[EventDate "2017.07.22"]

1. Nf3 d5 2. c4 e6 3. b3 Nf6 4. Bb2 Be7 5. e3 O-O 6. Nc3 b6 7. d4 Bb7 8. cxd5
exd5 9. Bd3 c5 10. O-O Nbd7 11. Ne2 Ne4 12. Rc1 Rc8 13. Nf4 Ndf6 14. Qe2 Re8 15.
Rfd1 Bd6 16. g3 Qe7 17. Nh4 g6 18. dxc5 Bxc5 19. Nhg2 Rcd8 20. Bb5 Rf8 21. Ba6
Ba8 22. Ba1 Bd6 23. Ne1 Be5 24. Bxe5 Qxe5 25. Nf3 Qe7 26. Nd4 Nc5 27. Rc2 Ne6
28. Rdc1 Nxf4 29. gxf4 Qd7 30. Rc7 Qh3 31. Rxa7 Rfe8 32. Qf3 Qh4 33. Rcc7 Ne4
34. a4 Nc5 35. Qg3 Qf6 36. Qg5 Qg7 37. Bb5 Ne6 38. Nxe6 Rxe6 39. Bd7 Qa1+ 40.
Kg2 Rf6 41. Rc8 Rxc8 42. Bxc8 Bc6 43. Bb7 Bxb7 44. Rxb7 Qd1 45. h3 Rf5 46. Qd8+
Kg7 47. Qxb6 Kh6 48. Qd4 Qh5 49. Rd7 f6 50. Qa7 1-0

[Event "Xtracon Chess Open 2017"]
[Site "Helsingor DEN"]
[Date "2017.07.24"]
[Round "4.88"]
[White "Aroven, Mikael"]
[Black "Nielsen, Palle"]
[Result "1-0"]
[WhiteElo "2114"]
[BlackElo "1715"]
[WhiteFideId "1709534"]
[BlackFideId "1408526"]
[EventDate "2017.07.22"]

1. f4 d5 2. Nf3 Nc6 3. e3 Nf6 4. Bb5 Bd7 5. O-O a6 6. Bxc6 Bxc6 7. Ne5 Qd6 8. d3
e6 9. b3 Bd7 10. Qe2 Qb6 11. Kh1 Be7 12. Nd2 O-O 13. Ndf3 Be8 14. Bb2 h6 15. Rg1
Nh7 16. Ng4 f6 17. Rae1 Bb4 18. Rd1 Bd6 19. Nf2 c5 20. c4 Qc7 21. d4 Bf7 22.
cxd5 exd5 23. dxc5 Bxc5 24. Nd4 Rfe8 25. Rge1 Qd7 26. Qf3 Rad8 27. Nd3 Bxd4 28.
Bxd4 Qf5 29. g4 Qe4 30. Qxe4 dxe4 31. Nf2 Bd5 32. Kg2 Bc6 33. Kg3 Kf7 34. h4 Nf8
35. f5 Nd7 36. Kf4 g6 37. fxg6+ Kxg6 38. Nh3 Nf8 39. Kg3 Ne6 40. Nf4+ Kf7 41.
Nxe6 Kxe6 42. Rf1 Rf8 43. Rf4 f5 44. Rxf5 Rxf5 45. gxf5+ Kxf5 46. Rf1+ Kg6 47.
Rf6+ Kh7 48. Kf4 Re8 49. h5 Bd5 50. Kf5 Re7 51. Kg4 Rg7+ 52. Kh4 Rg2 53. Rd6 Bc6
54. Be5 Rxa2 55. Rd8 1-0

[Event "Xtracon Chess Open 2017"]
[Site "Helsingor DEN"]
[Date "2017.07.24"]
[Round "4.89"]
[White "Sebastian, Andreas"]
[Black "Johansen, Oivind"]
[Result "0-1"]
[BlackTitle "FM"]
[WhiteElo "1800"]
[BlackElo "2108"]
[WhiteFideId "1529498"]
[BlackFideId "1501119"]
[EventDate "2017.07.22"]

1. c4 Nf6 2. Nc3 c5 3. g3 d5 4. cxd5 Nxd5 5. Bg2 Nc7 6. Qa4+ Qd7 7. d3 e6 8. Nf3
Qxa4 9. Nxa4 Bd7 10. Ne5 Bxa4 11. Bxb7 Nd7 12. Bxa8 Nxa8 13. Nxd7 Kxd7 14. Be3
Be7 15. Rc1 Rc8 16. O-O Nb6 17. f3 Bb5 18. b3 Nd5 19. Bf2 Nb4 20. a3 Na6 21. Rc2
Bc6 22. d4 Bd5 23. Rb1 f5 24. dxc5 Bxc5 25. Bxc5 Rxc5 26. Rxc5 Nxc5 27. b4 Na4
28. Rc1 a6 29. Kf2 Nb6 30. g4 f4 31. Rd1 Kc6 32. Rc1+ Nc4 33. a4 Kb7 34. Rc2 Nb6
35. e3 fxe3+ 36. Kxe3 Nxa4 37. Kd4 Bxf3 38. Rf2 Bxg4 39. Rf7+ Kb6 40. Rxg7 Bf5
41. Kc4 Nb2+ 42. Kc3 Nd1+ 43. Kc4 Ne3+ 44. Kd4 Nd5 45. Kc4 Kc6 46. Ra7 Nc7 0-1

[Event "Xtracon Chess Open 2017"]
[Site "Helsingor DEN"]
[Date "2017.07.24"]
[Round "4.90"]
[White "Bernstein, Jonas August"]
[Black "Wecker, Martin"]
[Result "0-1"]
[WhiteElo "1665"]
[BlackElo "2095"]
[WhiteFideId "1532154"]
[BlackFideId "12931462"]
[EventDate "2017.07.22"]

1. d4 Nf6 2. c4 e6 3. Nf3 d5 4. Nc3 Bb4 5. Bg5 dxc4 6. e3 a6 7. Bxc4 b5 8. Bd3
Bb7 9. O-O Nbd7 10. Rc1 c5 11. a4 Bxc3 12. bxc3 c4 13. Be2 Qa5 14. Bh4 O-O 15.
axb5 axb5 16. Qc2 Be4 17. Qd2 Qa2 18. Qxa2 Rxa2 19. Rfe1 h6 20. Kf1 Rfa8 21. Ng1
Nd5 22. Bf3 Bd3+ 23. Be2 R8a3 24. Bxd3 cxd3 25. Rcd1 d2 0-1

[Event "Xtracon Chess Open 2017"]
[Site "Helsingor DEN"]
[Date "2017.07.24"]
[Round "4.91"]
[White "Nielsen, Andre"]
[Black "Gottschalck, Christian"]
[Result "1-0"]
[WhiteElo "2094"]
[BlackElo "1705"]
[WhiteFideId "1518240"]
[BlackFideId "1428357"]
[EventDate "2017.07.22"]

1. e4 d5 2. exd5 Nf6 3. d4 Nxd5 4. Nf3 Nc6 5. c4 Nb6 6. Nc3 g6 7. d5 Nb8 8. c5
N6d7 9. Bc4 Bg7 10. Be3 O-O 11. h4 Nf6 12. Qd2 Nbd7 13. Bd4 c6 14. dxc6 bxc6 15.
O-O-O Qa5 16. h5 e5 17. hxg6 hxg6 18. Be3 Ng4 19. Ne4 Qxd2+ 20. Bxd2 a5 21. Bg5
Nxc5 22. Nxc5 Nxf2 23. Rhf1 Nxd1 24. Kxd1 Ra7 25. Ne4 Rd7+ 26. Kc2 Re8 27. Nf6+
Bxf6 28. Bxf6 Rd6 29. Bxe5 Bf5+ 30. Kc1 Rd7 31. Rh1 Rxe5 32. Nxe5 Rc7 33. Nxf7
Kg7 34. Nd6 1-0

[Event "Xtracon Chess Open 2017"]
[Site "Helsingor DEN"]
[Date "2017.07.24"]
[Round "4.92"]
[White "Papp, Petra"]
[Black "Henriksen, Morgan"]
[Result "1-0"]
[WhiteTitle "WGM"]
[WhiteElo "2337"]
[BlackElo "1632"]
[WhiteFideId "739049"]
[BlackFideId "1510495"]
[EventDate "2017.07.22"]

1. d4 Nf6 2. Bf4 d6 3. Nc3 c6 4. e4 a6 5. Qd2 b5 6. f3 e6 7. O-O-O Be7 8. g4
Nfd7 9. Kb1 Nb6 10. h4 Bb7 11. Bg3 N8d7 12. Bg2 Nc4 13. Qd3 e5 14. Nge2 g6 15.
f4 Bf6 16. g5 Bg7 17. Rhf1 exd4 18. Nxd4 c5 19. Nb3 O-O 20. Be1 Ndb6 21. Rc1 b4
22. Nd1 a5 23. Rh1 Ba6 24. Qh3 a4 25. Nd2 Nxd2+ 26. Bxd2 Be2 27. h5 Bxh5 28. Ne3
Ra7 29. Bf3 f6 30. Bxh5 gxh5 31. Qxh5 Bh8 32. g6 f5 33. gxh7+ Kg7 34. e5 Re8 35.
Rcg1+ Kf8 36. Rg8+ Ke7 37. Nxf5+ Ke6 38. Rxe8+ 1-0

[Event "Xtracon Chess Open 2017"]
[Site "Helsingor DEN"]
[Date "2017.07.24"]
[Round "4.93"]
[White "Ukkelberg, Oyvind"]
[Black "Matthiesen, Martin"]
[Result "0-1"]
[BlackTitle "FM"]
[WhiteElo "1933"]
[BlackElo "2349"]
[WhiteFideId "1507893"]
[BlackFideId "1404067"]
[EventDate "2017.07.22"]

1. e4 e6 2. Qe2 c5 3. Nf3 Nc6 4. g3 g6 5. Bg2 Bg7 6. d3 Nge7 7. c3 O-O 8. h4 e5
9. h5 d6 10. hxg6 hxg6 11. Bg5 f6 12. Be3 Be6 13. Nbd2 Qd7 14. Qf1 b6 15. Bh3 d5
16. Bxe6+ Qxe6 17. Qg2 d4 18. Bh6 dxc3 19. bxc3 Rad8 20. Ke2 Qd7 21. Ne1 Bxh6
22. Rxh6 Kg7 23. Rh4 b5 24. a3 a5 25. Qh3 Qxh3 26. Rxh3 b4 27. Nb3 bxc3 28. Nxc5
Nd4+ 29. Ke3 Rb8 30. Na4 c2 31. Rh1 Rb1 32. Nf3 Rxa1 0-1

[Event "Xtracon Chess Open 2017"]
[Site "Helsingor DEN"]
[Date "2017.07.24"]
[Round "4.94"]
[White "Risting, Eivind Olav"]
[Black "Skjoldager, Flemming"]
[Result "1-0"]
[WhiteTitle "FM"]
[WhiteElo "2307"]
[BlackElo "1906"]
[WhiteFideId "1517333"]
[BlackFideId "1406515"]
[EventDate "2017.07.22"]

1. d4 Nf6 2. Bg5 d5 3. e3 e6 4. Nf3 Nbd7 5. c4 c6 6. Bd3 Qa5+ 7. Nbd2 dxc4 8.
Bxf6 cxd3 9. Bh4 Bb4 10. O-O Bxd2 11. Nxd2 O-O 12. Nc4 Qd5 13. Qxd3 e5 14. Rfd1
e4 15. Qc2 Nb6 16. Nd2 Bg4 17. Re1 Rfe8 18. b3 Rac8 19. Rac1 Re6 20. Bg3 Nd7 21.
Qc4 Qa5 22. b4 Qf5 23. a4 Nb6 24. Qc2 Rce8 25. Rb1 Rf6 26. b5 Nd5 27. Nc4 Rd8
28. Ne5 cxb5 29. Rxb5 b6 30. Qc4 Ne7 31. Nxf7 Rxf7 32. Rxf5 Bxf5 33. Qc7 Rd7 34.
Qc4 Rd8 35. Qb5 Ng6 36. Rc1 Bd7 37. Qd5 Re8 38. Rc7 1-0

[Event "Xtracon Chess Open 2017"]
[Site "Helsingor DEN"]
[Date "2017.07.24"]
[Round "4.95"]
[White "Rasmussen, Henrik Egede"]
[Black "Dahl, Trygve"]
[Result "0-1"]
[WhiteElo "1926"]
[BlackElo "2292"]
[WhiteFideId "1417800"]
[BlackFideId "1513427"]
[EventDate "2017.07.22"]

1. e4 c5 2. Nc3 a6 3. Nf3 e6 4. d4 cxd4 5. Nxd4 Qc7 6. a3 b5 7. Bd3 Bb7 8. O-O
Nf6 9. b4 Qxc3 10. Be3 Nxe4 11. f3 Nf6 12. Ne2 Qc7 13. Rc1 d5 14. Qe1 Nc6 15. c3
Bd6 16. Qh4 Ne5 17. Bb1 h6 18. Qf2 Nc4 19. g3 Nxe3 20. Qxe3 O-O 21. Qd3 e5 22.
f4 Qb6+ 23. Rf2 Ne4 0-1

[Event "Xtracon Chess Open 2017"]
[Site "Helsingor DEN"]
[Date "2017.07.24"]
[Round "4.96"]
[White "Meyer, Juergen"]
[Black "Rosenkilde, Alexander"]
[Result "0-1"]
[WhiteElo "1928"]
[BlackElo "2274"]
[WhiteFideId "24661759"]
[BlackFideId "1408488"]
[EventDate "2017.07.22"]

1. e4 c5 2. Nf3 d6 3. d4 cxd4 4. Qxd4 Nc6 5. Bb5 Bd7 6. Bxc6 Bxc6 7. Nc3 Nf6 8.
Bg5 e6 9. O-O-O Be7 10. Qd3 Qa5 11. Bd2 Qa6 12. Qxa6 bxa6 13. Rde1 O-O 14. Nd4
Bb7 15. Nb3 Rac8 16. f3 Nd7 17. Bf4 Rfd8 18. Rd1 Nb6 19. Rd3 d5 20. Rhd1 Bf6 21.
e5 Be7 22. Be3 Nc4 23. Bd4 Bg5+ 24. Kb1 Bf4 25. Re1 Bxh2 26. Nd2 Bg3 27. Re2 Nb6
28. a4 Bc6 29. Nf1 Bh4 30. b3 Rd7 31. Bc5 Bb7 32. Bb4 Rdc7 33. Kb2 Bc6 34. a5
Nd7 35. g3 Bd8 36. Bd6 Rb7 37. Re1 Bxa5 38. Ra1 Bb6 39. Rxa6 d4 40. Na4 Bb5 41.
Nxb6 Nxb6 0-1

[Event "Xtracon Chess Open 2017"]
[Site "Helsingor DEN"]
[Date "2017.07.24"]
[Round "4.97"]
[White "Oland, Arne"]
[Black "Jorgensen, Dennis"]
[Result "0-1"]
[WhiteElo "1912"]
[BlackElo "2197"]
[WhiteFideId "1422081"]
[BlackFideId "1408380"]
[EventDate "2017.07.22"]

1. f4 d5 2. e3 g6 3. Nf3 Bg7 4. Nc3 Nf6 5. Be2 c5 6. O-O O-O 7. Qe1 Nc6 8. d3 d4
9. exd4 cxd4 10. Ne4 Bf5 11. Nxf6+ Bxf6 12. Bd2 Rc8 13. Rc1 Qd5 14. b3 Rfe8 15.
Ng5 h6 16. Bf3 Qd7 17. Ne4 Bg7 18. Qh4 a5 19. a3 Bxe4 20. Bxe4 f5 21. Bf3 Qd6
22. Rfe1 e6 23. Qg3 Kh7 24. h4 h5 25. a4 b6 26. Re2 Nd8 27. Rce1 Re7 28. Bc1 Bh6
29. Qh2 Nf7 30. g3 Rce8 31. Bb2 e5 32. Bc1 exf4 33. gxf4 Nd8 34. Rxe7+ Rxe7 35.
Rxe7+ Qxe7 36. Qf2 Qd6 37. Bg2 Ne6 38. Qf3 Bxf4 39. Bxf4 Qxf4 40. Qxf4 Nxf4 41.
Bf3 g5 42. hxg5 Kg6 43. Kf2 Kxg5 44. Ke1 h4 45. Kd2 h3 46. c3 Ne6 47. Bd5 Kf6
48. cxd4 Nxd4 49. Ke3 Ke5 50. Ba8 Nxb3 0-1

[Event "Xtracon Chess Open 2017"]
[Site "Helsingor DEN"]
[Date "2017.07.24"]
[Round "4.98"]
[White "Bex, Lennert"]
[Black "Nilsson, Patrik1"]
[Result "0-1"]
[WhiteElo "1900"]
[BlackElo "2152"]
[WhiteFideId "232254"]
[BlackFideId "1708171"]
[EventDate "2017.07.22"]

1. c4 f5 2. Nc3 Nf6 3. Nf3 d6 4. d4 g6 5. h3 Bg7 6. Bf4 e6 7. e3 Qe7 8. Rb1 a5
9. Be2 h6 10. Bg3 O-O 11. Qc2 Nc6 12. a3 Nh5 13. Bh2 e5 14. Nd5 Qf7 15. dxe5
dxe5 16. Rd1 Be6 17. Nd2 Nf6 18. Nb3 Ne4 19. f3 a4 20. fxe4 axb3 21. Qxb3 Na5
22. Qc3 f4 23. O-O g5 24. Qb4 Nc6 25. Qxb7 Na5 26. Qb4 Rfb8 27. Qd2 c6 28. b4
Nb7 29. Nb6 Rxa3 30. exf4 exf4 31. Rf3 Rxf3 32. gxf3 Rd8 33. Qxd8+ Nxd8 34.
Rxd8+ Bf8 35. c5 Qf6 36. Rd3 Qb2 37. Kf2 Qxb4 38. Nd7 Be7 39. h4 Bc4 40. Rd1 Qb2 0-1

[Event "Xtracon Chess Open 2017"]
[Site "Helsingor DEN"]
[Date "2017.07.24"]
[Round "4.99"]
[White "Kemarsky, Alexander"]
[Black "Kashwan, Hassan"]
[Result "1-0"]
[WhiteElo "2150"]
[BlackElo "1892"]
[WhiteFideId "2814196"]
[BlackFideId "137122555"]
[EventDate "2017.07.22"]

1. d4 Nf6 2. Nf3 d6 3. c4 g6 4. Bf4 Bg7 5. Nc3 O-O 6. e3 Bg4 7. Be2 c6 8. h3
Bxf3 9. Bxf3 Nbd7 10. O-O Re8 11. b4 e5 12. Bh2 e4 13. Be2 Nf8 14. Qb3 Qe7 15.
Rab1 N6d7 16. b5 Rec8 17. Rfd1 Kh8 18. bxc6 bxc6 19. Qa3 c5 20. Nd5 Qe6 21. Qa6
Nb6 22. dxc5 dxc5 23. Nc7 Qc6 24. Nxa8 Rxa8 25. Rd6 Qa4 26. Qxa4 Nxa4 27. Rb7
Nc3 28. Rd2 Kg8 29. Rb8 Rxb8 30. Bxb8 a5 31. Kf1 Bf6 32. Bg4 h5 33. Bc8 g5 34.
Bf5 Kg7 35. Bd6 Nb1 36. Rd5 Bc3 37. Bxc5 Nd2+ 38. Ke2 Ne6 39. Bxe6 fxe6 40. Rxd2 1-0

[Event "Xtracon Chess Open 2017"]
[Site "Helsingor DEN"]
[Date "2017.07.24"]
[Round "4.100"]
[White "Stuhlmann, Alexander"]
[Black "Bogdanov, Dimitri"]
[Result "0-1"]
[WhiteElo "1895"]
[BlackElo "2139"]
[WhiteFideId "12969788"]
[BlackFideId "1405829"]
[EventDate "2017.07.22"]

1. c4 g6 2. Nc3 Bg7 3. g3 d6 4. Bg2 e5 5. e4 Nc6 6. Nge2 Be6 7. d3 Qd7 8. Nd5
Nd8 9. O-O c6 10. Ndc3 Ne7 11. Qb3 Bh3 12. Be3 h5 13. Bxh3 Qxh3 14. Kh1 h4 15.
Ng1 Qd7 16. Qd1 Ne6 17. Qd2 d5 18. cxd5 cxd5 19. exd5 Nxd5 20. Qe2 Nxe3 21. Qxe3
Nd4 22. Rac1 f5 23. Qg5 Kf7 24. f3 Bh6 0-1

[Event "Xtracon Chess Open 2017"]
[Site "Helsingor DEN"]
[Date "2017.07.24"]
[Round "4.101"]
[White "Laverton, Christian"]
[Black "Rasmussen, Jonas H"]
[Result "1-0"]
[WhiteElo "2133"]
[BlackElo "1885"]
[WhiteFideId "1506846"]
[BlackFideId "1511637"]
[EventDate "2017.07.22"]

1. d4 Nf6 2. c4 c5 3. d5 b5 4. Nf3 g6 5. cxb5 a6 6. b6 d6 7. Nc3 Qxb6 8. Nd2 Bg7
9. e4 O-O 10. Be2 Nbd7 11. O-O Ne5 12. h3 a5 13. a4 Ba6 14. Bxa6 Rxa6 15. Kh2
Rc8 16. f4 Ned7 17. Qe2 Raa8 18. Nb5 Qd8 19. Nc4 Nb6 20. Nxb6 Qxb6 21. Bd2 Ne8
22. Bc3 Nc7 23. Na3 Qb3 24. Nc4 Bxc3 25. bxc3 Qxc3 26. Nb6 Rcb8 27. Nxa8 Nxa8
28. Rab1 Rb4 29. Qa6 Nb6 30. Qxa5 Nc4 31. Qd8+ Kg7 32. Rbc1 Qe3 33. Rce1 Qd2 34.
Qxe7 Ne3 35. Rxe3 Qxe3 36. f5 Rxe4 37. Qxd6 Rxa4 38. fxg6 hxg6 39. Qf6+ Kh6 40.
Qh8+ Kg5 41. Qf6+ Kh6 42. Rf3 Qd4 43. Qxf7 Qe5+ 44. Rg3 Ra3 45. Qxg6# 1-0

[Event "Xtracon Chess Open 2017"]
[Site "Helsingor DEN"]
[Date "2017.07.24"]
[Round "4.102"]
[White "Moller, Arne Vang"]
[Black "Christiansen, Jens Jorgen"]
[Result "1/2-1/2"]
[WhiteElo "1890"]
[BlackElo "2131"]
[WhiteFideId "1406175"]
[BlackFideId "1401670"]
[EventDate "2017.07.22"]

1. e4 c6 2. d4 d5 3. Nc3 dxe4 4. Nxe4 Nf6 5. Nxf6+ exf6 6. Nf3 Bd6 7. Bd3 O-O 8.
O-O Bg4 9. h3 Bh5 10. Be3 Nd7 11. Be2 f5 12. Qd2 Re8 13. Rfe1 Qc7 14. Qc3 Nf6
15. Ne5 Bxe2 16. Rxe2 Ne4 17. Qb3 b5 18. Rae1 Bxe5 19. dxe5 Qxe5 20. Bc1 Qc5 21.
Be3 Qc4 22. Qxc4 bxc4 23. Bc5 Re6 24. Ba3 Rae8 25. f3 Nf6 26. Kf2 Nd5 27. Rxe6
fxe6 28. b3 c3 29. Bc5 Kf7 30. a4 a6 31. Bd6 Rd8 32. Be5 g5 33. Rd1 Rg8 34. Rd4
Ke7 35. Rc4 Kd7 36. Bxc3 1/2-1/2

[Event "Xtracon Chess Open 2017"]
[Site "Helsingor DEN"]
[Date "2017.07.24"]
[Round "4.103"]
[White "Lahlum, Hans Olav"]
[Black "Jarlnaes, Erik"]
[Result "1/2-1/2"]
[WhiteElo "2131"]
[BlackElo "1880"]
[WhiteFideId "1501348"]
[BlackFideId "1414623"]
[EventDate "2017.07.22"]

1. d4 Nf6 2. c4 e6 3. Nc3 Bb4 4. Qc2 d5 5. cxd5 exd5 6. Bg5 h6 7. Bxf6 Qxf6 8.
a3 Bxc3+ 9. Qxc3 c6 10. e3 O-O 11. Ne2 Re8 12. Ng3 b6 13. Be2 Ba6 14. Rc1 Bxe2
15. Nxe2 Rc8 16. Nf4 Nd7 17. b4 Qd6 18. Nd3 a5 19. O-O axb4 20. axb4 Ra4 21.
Rfd1 Qc7 22. Rc2 Qa7 23. Qb2 c5 24. dxc5 bxc5 25. Nxc5 Nxc5 26. Qd4 Rc7 27. Rxc5
Rxb4 28. Rxc7 Rxd4 29. Rc8+ Kh7 30. exd4 Qa4 31. Rcc1 Kg6 32. Rd3 Kf6 33. h3 Kg6
34. Rc5 Qa8 35. Kh2 h5 36. Rg3+ Kh6 37. h4 Qd8 38. Rg5 Qf6 39. Rcxd5 Qf4+ 40.
Kh3 Qxf2 41. Rxh5+ Kg6 42. Rdg5+ Kf6 43. Rf5+ Qxf5+ 44. Rxf5+ Kxf5 45. g4+ Ke4
46. h5 Kxd4 47. g5 Ke5 48. Kg4 f5+ 49. Kf3 f4 50. Kg4 Ke4 51. h6 gxh6 52. gxh6
f3 53. Kg3 Ke3 54. h7 f2 55. h8=Q f1=Q 56. Qe5+ Kd2 57. Qb2+ Ke1 58. Qe5+ 1/2-1/2

[Event "Xtracon Chess Open 2017"]
[Site "Helsingor DEN"]
[Date "2017.07.24"]
[Round "4.104"]
[White "Celander, Jesper"]
[Black "Gula, Julian"]
[Result "1-0"]
[WhiteElo "2127"]
[BlackElo "1869"]
[WhiteFideId "1705342"]
[BlackFideId "12954799"]
[EventDate "2017.07.22"]

1. d4 d6 2. Nc3 Nf6 3. Bg5 Nbd7 4. e4 c6 5. Nf3 Qc7 6. Be2 e5 7. O-O Be7 8. Qd2
O-O 9. a4 a5 10. h3 Re8 11. Rfe1 exd4 12. Nxd4 Nc5 13. Bf3 Be6 14. Bf4 Nfd7 15.
Bg3 Ne5 16. Be2 Qb6 17. b3 Bd7 18. Rad1 Rad8 19. Kh2 Bf8 20. f4 Ng6 21. Bf3 Qc7
22. Re2 Qc8 23. Rde1 Ne6 24. Nxe6 fxe6 25. Nd1 b6 26. Ne3 e5 27. f5 Nf4 28. Bxf4
exf4 29. Nc4 d5 30. exd5 Rxe2 31. Rxe2 Bxf5 32. Nxb6 Qc7 33. Qxa5 cxd5 34. Qb5
Rb8 35. Qxd5+ Qf7 36. Nc4 Bb4 37. Nd6 Bxd6 38. Qxd6 Qg6 39. Qxb8+ 1-0

[Event "Xtracon Chess Open 2017"]
[Site "Helsingor DEN"]
[Date "2017.07.24"]
[Round "4.105"]
[White "Nielsen, Carsten Juul"]
[Black "Skjoldager, Per"]
[Result "1/2-1/2"]
[WhiteElo "1886"]
[BlackElo "2126"]
[WhiteFideId "1402242"]
[BlackFideId "1408828"]
[EventDate "2017.07.22"]

1. d4 Nf6 2. c4 e6 3. Nf3 b6 4. g3 Bb7 5. Bg2 Be7 6. Nc3 d5 7. Ne5 Nbd7 8. O-O
O-O 9. cxd5 exd5 10. Nxd7 Qxd7 11. Bf4 Rfe8 12. Rc1 Rac8 13. Qd2 Ne4 14. Nxe4
dxe4 15. Rc2 Red8 16. Rd1 Bd5 17. b3 a5 18. Qc1 c6 19. Qe3 Qe6 20. h4 c5 21.
dxc5 Bxc5 22. Qc1 Bb7 23. Rxd8+ Rxd8 24. Rd2 Rxd2 25. Qxd2 Qd5 26. Qxd5 Bxd5 27.
Bd2 f5 28. e3 Kf7 29. Bc3 g6 30. Bf1 Be7 31. Bd4 Bd8 32. Bb5 Ke7 33. Kf1 Kd6 34.
Ke2 g5 1/2-1/2

[Event "Xtracon Chess Open 2017"]
[Site "Helsingor DEN"]
[Date "2017.07.24"]
[Round "4.106"]
[White "Nielsen, John Bauneborg"]
[Black "Nielsen, Aage Sondergaard"]
[Result "1-0"]
[WhiteElo "2125"]
[BlackElo "1861"]
[WhiteFideId "1402439"]
[BlackFideId "1409859"]
[EventDate "2017.07.22"]

1. d4 Nf6 2. c4 e6 3. Nc3 Bb4 4. e3 b6 5. Ne2 Bb7 6. a3 Be7 7. d5 e5 8. e4 d6 9.
Ng3 Bc8 10. Be2 O-O 11. O-O Ne8 12. f4 exf4 13. Bxf4 Bg5 14. Qd2 h6 15. Nb5 Nd7
16. Rac1 Ne5 17. b4 Bd7 18. Nd4 g6 19. Bxg5 Qxg5 20. Qxg5 hxg5 21. Nf3 f6 22.
Nxe5 fxe5 23. c5 a5 24. c6 Bc8 25. b5 Rf4 26. h3 Kg7 27. Bd3 Nf6 28. Kh2 Nh5 29.
Ne2 Rh4 30. Ng1 Rf4 31. g3 Rxf1 32. Rxf1 Nf6 33. g4 Nh7 34. Nf3 Kf6 35. Kg3 Kg7
36. Rh1 Kf6 37. h4 gxh4+ 38. Rxh4 Ng5 39. Nxg5 Kxg5 40. Be2 Kf6 41. Rh7 Ra7 42.
Kh4 g5+ 43. Kh5 Ra8 44. Rh6+ Kf7 45. Kxg5 Kg7 46. Rg6+ Kf7 47. a4 Rb8 48. Kh6
Ra8 49. Rg7+ Kf8 50. Rxc7 Kg8 51. Kg6 Kf8 52. Kf6 Kg8 53. Ke7 Kg7 54. Kd8+ 1-0

[Event "Xtracon Chess Open 2017"]
[Site "Helsingor DEN"]
[Date "2017.07.24"]
[Round "4.107"]
[White "Andersen, Soren Mikkel"]
[Black "Stokhaug, Jon Arne"]
[Result "1-0"]
[WhiteElo "2123"]
[BlackElo "1847"]
[WhiteFideId "1411918"]
[BlackFideId "1506781"]
[EventDate "2017.07.22"]

1. d4 d5 2. c4 c6 3. Nf3 Nf6 4. Nc3 e6 5. Bg5 h6 6. Bh4 dxc4 7. e4 g5 8. Bg3 b5
9. Be2 Bb7 10. h4 g4 11. Ne5 h5 12. f3 gxf3 13. Bxf3 Nbd7 14. O-O Bg7 15. Nxf7
Kxf7 16. e5 Kg8 17. exf6 Nxf6 18. Nxb5 cxb5 19. Bxb7 Ng4 20. Bxa8 Qxa8 21. Qd2
Qd5 22. Rad1 Bh6 23. Bf4 Bg7 24. Bg5 Kh7 25. Qc2+ Kg8 26. Qg6 Qd7 27. Rfe1 Qf7
28. Qxe6 Qxe6 29. Rxe6 Kf7 30. Re7+ Kg6 31. Rxa7 Re8 32. Re7 Rxe7 33. Bxe7 Ne3
34. Rd2 Nd5 35. Bg5 b4 36. a4 bxa3 37. bxa3 c3 38. Re2 Bxd4+ 39. Kf1 Kf5 40. Ke1
Bc5 41. Bc1 Bd4 42. Kd1 Bf6 43. Bg5 Bd4 44. Kc2 Be5 45. Kd3 Bf4 46. Rf2 Ke5 47.
Bxf4+ Nxf4+ 48. Rxf4 Kxf4 49. a4 1-0

[Event "Xtracon Chess Open 2017"]
[Site "Helsingor DEN"]
[Date "2017.07.24"]
[Round "4.108"]
[White "Undheim, Bjarne"]
[Black "Kvamme, John A"]
[Result "1/2-1/2"]
[WhiteElo "1882"]
[BlackElo "2116"]
[WhiteFideId "1506862"]
[BlackFideId "1500562"]
[EventDate "2017.07.22"]

1. e4 c5 2. Nf3 g6 3. Nc3 Bg7 4. g3 Nc6 5. Bg2 d6 6. h3 Nf6 7. O-O O-O 8. d3 Rb8
9. Be3 b5 10. e5 dxe5 11. Bxc5 b4 12. Ne4 Nxe4 13. dxe4 Qa5 14. Be3 Ba6 15. Re1
Rfd8 16. Qc1 Nd4 17. Nxd4 exd4 18. Bd2 Qb6 19. a3 b3 20. c3 Rbc8 21. e5 Rc5 22.
Qb1 Rxe5 23. cxd4 Qxd4 24. Bc3 Rxe1+ 25. Qxe1 Qd6 26. Bxg7 Kxg7 27. Qc3+ Qf6 28.
Qxb3 Rd2 29. Qe3 Qxb2 30. Re1 Rd7 31. Qc5 e6 32. Re4 Bb7 33. Rb4 Qa1+ 34. Kh2
Bxg2 35. Kxg2 Rd1 36. Rb8 Rg1+ 37. Kh2 Rh1+ 38. Kg2 Rg1+ 39. Kh2 Rh1+ 40. Kg2
Qf1+ 41. Kf3 Qd3+ 42. Kg2 Qf1+ 43. Kf3 Qd3+ 44. Kg2 Qf1+ 1/2-1/2

[Event "Xtracon Chess Open 2017"]
[Site "Helsingor DEN"]
[Date "2017.07.24"]
[Round "4.109"]
[White "Kunz, Andre"]
[Black "Nielsen, Kai Gylling"]
[Result "1-0"]
[WhiteElo "2103"]
[BlackElo "1808"]
[WhiteFideId "24623652"]
[BlackFideId "1406400"]
[EventDate "2017.07.22"]

1. e4 c5 2. d4 cxd4 3. c3 Nc6 4. Nf3 e6 5. Nxd4 a6 6. Nd2 Nxd4 7. cxd4 d5 8. e5
Ne7 9. Nf3 Ng6 10. a3 Bd7 11. Qb3 Bc6 12. Bd3 Be7 13. O-O O-O 14. Bd2 Qd7 15. a4
Rac8 16. g3 f5 17. h4 h6 18. Kg2 Kh7 19. Rfc1 Rf7 20. Qc2 Qd8 21. Qb3 Nf8 22.
Rh1 Kg8 23. Qd1 Nh7 24. b4 g5 25. hxg5 hxg5 26. g4 fxg4 27. Nh2 Qb6 28. Be3 g3
29. Ng4 Bf8 30. Bxh7+ 1-0

[Event "Xtracon Chess Open 2017"]
[Site "Helsingor DEN"]
[Date "2017.07.24"]
[Round "4.110"]
[White "Molvig, Henrik"]
[Black "Hansen, Tommy"]
[Result "1/2-1/2"]
[WhiteTitle "CM"]
[WhiteElo "2090"]
[BlackElo "1785"]
[WhiteFideId "1402625"]
[BlackFideId "1511009"]
[EventDate "2017.07.22"]

1. d4 Nf6 2. c4 c5 3. d5 b5 4. a4 b4 5. g3 d6 6. Bg2 g6 7. b3 Bg7 8. Bb2 O-O 9.
Nd2 Bb7 10. Nh3 e6 11. e4 exd5 12. cxd5 Ba6 13. Nc4 Re8 14. f3 Bxc4 15. bxc4 a5 1/2-1/2